The short stories of Ernest Hemingway : (Record no. 549508)

000 -LEADER
fixed length control field 00500cam a2200145 i 4500
020 ## - INTERNATIONAL STANDARD BOOK NUMBER
International Standard Book Number 0822303205 :
082 ## - DEWEY DECIMAL CLASSIFICATION NUMBER
Classification number 823
Author Mark HEM
-- L-29, P-50
245 04 - TITLE STATEMENT
Title The short stories of Ernest Hemingway :
Remainder of title critical essays /
Statement of responsibility, etc. edited, with an overview and checklist, by Jackson J. Benson.
260 ## - PUBLICATION, DISTRIBUTION, ETC.
Place of publication, distribution, etc. Durham, N.C. :
Name of publisher, distributor, etc. Duke University Press,
Date of publication, distribution, etc. 1987.
300 ## - PHYSICAL DESCRIPTION
Extent vi, 498 p. ;
Dimensions 20 cm.
526 ## - STUDY PROGRAM INFORMATION NOTE
Program name 0
Interest level 0
Reading level 0
Title point value 823_000000000000000_HEM
650 ## - SUBJECT ADDED ENTRY--TOPICAL TERM
Topical term or geographic name entry element MCE
9 (RLIN) 379
700 1# - ADDED ENTRY--PERSONAL NAME
Personal name Benson, Jackson J.
9 (RLIN) 46165
942 ## - ADDED ENTRY ELEMENTS (KOHA)
Source of classification or shelving scheme
Koha item type Book
Holdings
Withdrawn status Lost status Source of classification or shelving scheme Damaged status Not for loan Permanent Location Current Location Date acquired Total Checkouts Full call number Barcode Date last seen Price effective from Koha item type
          Military College of Engineering (MCE) Military College of Engineering (MCE) 09/26/2014   823 HEM MCE-25839 09/26/2014 09/26/2014 Book
© 2023 Central Library, National University of Sciences and Technology. All Rights Reserved.